000 00739cab a2200253 4500
001 WB3416-44
008 090401t1998 xxu||||| |||| 00| 0 eng d
035 _a(Sirsi) u85871
041 _aeng
245 _aAgents in estate of doubt
260 _c1998
350 _a0
490 _aFinancial Times
_v25/26 April 1998, 3(1)
520 _aFewer estate agents have signed up to the voluntary ombudsman scheme than had been hoped.
650 _aCODE OF CONDUCT
650 _aCODE OF PRACTICE
650 _aCOMPLAINTS
650 _aESTATE AGENTS OMBUDSMAN
650 _aESTATE AGENTS
650 _aPROFESSIONAL STANDARDS
690 _aMANAGEMENT-BUSINESS MANAGEMENT-PROFESSIONAL PRACTICE
942 _n0
948 _c28/04/1998
999 _c54019
_d54019